000 01276nam a22002897a 4500
999 _c21669
_d21669
003 AR-CdUCM
008 190405b ||||| |||| 00| 0 spa d
040 _aMUNICIPALIDAD PROVINCIAL DEL CUSCO
_cBIBLIOTECA MUNICIPAL DEL CUSCO
082 _a394.5/H83
_bH83
_21a ed.
100 _aHuamaní Rodríguez, Gary Indrid
_945738
245 _aMamacha del Carmen de Paucartambo :
_bcelebrando nuestra fe, viviendo nuestra tradición /
_c[textos, Gary Ingrid Huamaní Rodríguez ; entrevistas, Jorge Acurio Palma, Daniel Alfredo Castro Ocampo, Alexis Castro Ocampo ; fotografía, Daniel Alfredo Castro Ocampo].
260 _aCusco :
_bCaja Municipal de Ahorros y Crédito Cusco,
_c2014.
300 _a149, [5] páginas. :
_bil. (principalmente col.) ;
_c25 x 31 cm.
500 _zBibliografía: p. [153]
650 _aFestividades religiosas
_913420
650 _aFolclore
_93233
650 _aVida y costumbres sociales
_9857
650 _aLibros de láminas
_945739
650 _aCostumbres
_9230
650 _aFestividades
_929667
650 _aPaucartambo
_96539
700 _aAcurio Palma, Jorge
_945740
700 _aCastro Ocampo, Daniel Alfredo (fotógrafo)
_945741
710 _aCaja Municipal de Ahorro y Crédito Cusco
_945737
942 _2ddc
_cLIBROS
945 _ar.a.c